Giáo trình luật thuế : Tái bản có bổ sung
Nội dung giới thiệu lý luận chung về thuế và pháp luật thuế Việt Nam, pháp luật thuế thu vào hàng hóa, dịch vụ; pháp luật thuế thu vào thu nhập. Pháp luật thuế thu vào việc sử dụng một số tài sản của nhà nước, pháp luật về quản lý t...
Đã lưu trong:
| 主要作者: | |
|---|---|
| 格式: | 圖書 |
| 語言: | Undetermined |
| 出版: |
Hà Nội
Hồng Đức
2018
|
| 主題: | |
| 標簽: |
添加標簽
沒有標簽, 成為第一個標記此記錄!
|
| Thư viện lưu trữ: | Trung tâm Học liệu Trường Đại học Cần Thơ |
|---|
| LEADER | 01154nam a2200265Ia 4500 | ||
|---|---|---|---|
| 001 | CTU_226961 | ||
| 008 | 210402s9999 xx 000 0 und d | ||
| 020 | |c 86000 | ||
| 082 | |a 343.597043 | ||
| 082 | |b Th523 | ||
| 100 | |a Nguyễn, Thị Thuỷ | ||
| 245 | 0 | |a Giáo trình luật thuế : | |
| 245 | 0 | |b Tái bản có bổ sung | |
| 245 | 0 | |c Nguyễn Thị Thuỷ (chủ biên) | |
| 260 | |a Hà Nội | ||
| 260 | |b Hồng Đức | ||
| 260 | |c 2018 | ||
| 520 | |a Nội dung giới thiệu lý luận chung về thuế và pháp luật thuế Việt Nam, pháp luật thuế thu vào hàng hóa, dịch vụ; pháp luật thuế thu vào thu nhập. Pháp luật thuế thu vào việc sử dụng một số tài sản của nhà nước, pháp luật về quản lý thuế. | ||
| 526 | |a Pháp luật thuế, kế toán | ||
| 526 | |b KLK602 | ||
| 650 | |a Thuế,Taxation | ||
| 650 | |x Luật và văn bản thi hành,Law and legislation | ||
| 904 | |i Nhi | ||
| 910 | |b dqhieu | ||
| 980 | |a Trung tâm Học liệu Trường Đại học Cần Thơ | ||